Szczegóły MARC21

Infrastruktura transportu przesyłowego jako element polityki bezpieczeństwa energetycznego Unii Europejskiej i Polski /

003 -Nazwa inst., której nr kontr. jest w polu 001 [,]
    • @
    • Nazwa instytucji, której n kontrolny jest w polu 001
    • NUKAT
005 -DATA I CZAS OSTATNIEJ MODYFIKACJI [,]
    • @
    • pole kontrolne
    • 20241231091039.0
020 -Międzynarod. znormalizowany nr książki - ISBN [ , ]
    • a
    • Numer ISBN
    • 9788387249588 Find
040 -Instytucja sporządzająca opis [ , ]
    • a
    • Instytucja, która sporządziła opis (NP)
    • SZCZ M/HS
    • c
    • Instytucja, która sporządziła rekord (NP)
    • SZCZ M/HS
    • d
    • Instytucja, która zmodyfikowała rekord (P)
    • KR U/KNs
041 -Język dokumentu [0, ]
    • a
    • Język tekstu (P)
    • polski
    • b
    • Język streszczeń lub abstraktu (P)
    • angielski
    • b
    • Język streszczeń lub abstraktu (P)
    • francuski
    • b
    • Język streszczeń lub abstraktu (P)
    • hiszpański
942 -Rodzaj dokumentu [ , ]
    • c
    • Rodzaj dokumentu
    • Książka
100 -Hasło główne - nazwa osobowa [1, ]
    • a
    • Nazwa osobowa (NP)
    • Drożdż, Wojciech
    • d
    • Daty biograficzne (NP)
    • (1975- ).
    • 9
    • KHW
    • 67549
245 -Strefa tytułu i oznaczenia odpowiedzialności [1,0]
    • a
    • Tytuł
    • Infrastruktura transportu przesyłowego jako element polityki bezpieczeństwa energetycznego Unii Europejskiej i Polski / Find
    • c
    • Pozostałe elementy strefy tytułu i oznaczenia odpowiedzialności (NP)
    • Wojciech Drożdż.
260 -Strefa adresu wydawniczego [ , ]
    • a
    • Miejsce wydania (P)
    • Szczecin :
    • b
    • Nazwa wydawcy (P)
    • Polskie Towarzystwo Ekonomiczne. Oddział Wojewódzki,
    • c
    • Data wydania (P)
    • 2013.
300 -Strefa opisu fizycznego [ , ]
    • a
    • Określenie formy książki i/lub objętość (NP)
    • 240 s. :
    • b
    • Oznaczenie ilustracji (NP)
    • il. ;
    • c
    • Format (NP)
    • 24 cm.
336 -Typ zawartości [ , ]
    • a
    • Termin opisujący typ zawartości
    • Tekst
    • b
    • Kod określający zawartość
    • txt
    • 2
    • Źródło (terminu i kodu)
    • rdacontent
337 -Typ mediów [ , ]
    • a
    • Tryb odtwarzania
    • Bez urządzenia pośredniczącego
    • b
    • Kod typu mediów
    • n
    • 2
    • Źródło (terminu i kodu)
    • rdamedia
338 -Typ/rodzaj nośnika [ , ]
    • a
    • Hasło opisujące typ nośnika
    • Wolumin
    • b
    • Kod typu nośnika
    • nc
    • 2
    • Źródło (terminu i kodu)
    • rdacarrier
504 -Uwaga dot. bibliogr. załącznikowej [ , ]
    • a
    • Uwaga dot. bibliografii załącznikowej
    • Bibliogr. s. 217-224.
504 -Uwaga dot. bibliogr. załącznikowej [ , ]
    • a
    • Uwaga dot. bibliografii załącznikowej
    • Netogr. s. 225-227.
546 -Uwaga dot. języka [ , ]
    • a
    • Uwaga dot. języka
    • Streszcz. ang., fr., hisz.
080 -Uniwersalna Klasyfikacja Dziesiętna [ , ]
    • 2
    • Identyfikator wydania tablic
    • UDC-P058
    • 9
    • UKD
    • 3240
    • a
    • Symbol klasyfikacji
    • 338.45::620.91
    • b
    • Dopowiedzenie
    • Energetyka jako dział gospodarki. Ekonomika energetyki.
    • 4
    • UKD2
    • 7642
    • x
    • Poddział wspólny
    • (438)
    • c
    • Dopowiedzenie poddz. wspólnego
    • (Polska).
    • 4
    • UKD2
    • 7975
    • x
    • Poddział wspólny
    • (4-67)
    • c
    • Dopowiedzenie poddz. wspólnego
    • (Kraje Unii Europejskiej).
650 -Hasło przedmiotowe [ ,7]
    • a
    • Hasło przedmiotowe
    • Polityka energetyczna
    • z
    • Określnik geograficzny
    • Kraje Unii Europejskiej
    • y
    • Określnik chronologiczny
    • 1990-.
    • 2
    • Źródło terminu
    • kaba
    • 9
    • KHW
    • 361957
650 -Hasło przedmiotowe [ ,7]
    • a
    • Hasło przedmiotowe
    • Polityka energetyczna
    • z
    • Określnik geograficzny
    • Polska
    • y
    • Określnik chronologiczny
    • 1990-.
    • 2
    • Źródło terminu
    • kaba
    • 9
    • KHW
    • 362447
650 -Hasło przedmiotowe [ ,7]
    • a
    • Hasło przedmiotowe
    • Bezpieczeństwo energetyczne
    • z
    • Określnik geograficzny
    • Kraje Unii Europejskiej
    • y
    • Określnik chronologiczny
    • 1990-.
    • 2
    • Źródło terminu
    • kaba
    • 9
    • KHW
    • 355416
650 -Hasło przedmiotowe [ ,7]
    • a
    • Hasło przedmiotowe
    • Bezpieczeństwo energetyczne
    • z
    • Określnik geograficzny
    • Polska
    • y
    • Określnik chronologiczny
    • 1990-.
    • 2
    • Źródło terminu
    • kaba
    • 9
    • KHW
    • 370926
980 -Symbol UKD [ , ]
    • a
    • UKD
    • 338.45::620.91(438:4-67)
710 -Hasło dodatkowe - nazwa ciała zbiorowego [2, ]
    • a
    • Nazwa ciała zbiorowego lub nazwa geograficzna jako pierwszy element (NP)
    • Polskie Towarzystwo Ekonomiczne.
    • b
    • Nazwa jednostki podrzędnej (P)
    • Oddział Wojewódzki (Szczecin).
    • 4
    • Kod relacji
    • pbl
    • 9
    • KHW
    • 56813
920 -ISBN [ , ]
    • a
    • ISBN
    • 978-83-87249-58-8 Find
Status udost. Numer inwentarzowy Data inwentaryzacji Lokalizacja
-2T.142022013-12-30T
-3TM.99612013-12-30T
-3TM.99622013-12-30T
-3TM.99632013-12-30T
-3TM.99642013-12-30T
-3TM.99652013-12-30T
-3TM.99662013-12-30T
-3TM.99672013-12-30T
-3TM.99682013-12-30T
-3TM.99692013-12-30T
-3TM.99702013-12-30T
-3TM.99712013-12-30T
-3TM.99722013-12-30T
-3TM.99732013-12-30T
-3TM.99742013-12-30T
-3TM.99752013-12-30T
-3TM.99762013-12-30T
-6TM.99772013-12-30T
-3TM.99782013-12-30T
-3TM.99792013-12-30T
-3TM.99802013-12-30T
-3TM.99812013-12-30T
-3TM.99822013-12-30T
-3TM.99832013-12-30T
-3TM.99842013-12-30T
-3TM.99852013-12-30T
-3TM.99862013-12-30T
-3TM.99872013-12-30T
-3TM.99882013-12-30T
-3TM.99892013-12-30T
-2TM.109892014-05-26T
-3TM.109902014-05-26T
-3TM.109912014-05-26T
-3TM.109922014-05-26T
-3TM.109932014-05-26T
-3TM.109942014-05-26T
-3TM.109952014-05-26T
-3TM.109962014-05-26T
-3TM.109972014-05-26T
-3TM.109982014-05-26T